000 00446nam a2200181Ia 4500
001 12780
005 20260306163006.0
008 260306t2015||||xx |||||||||||||| ||spa||
041 _aESP
082 _aRD 262.52
_bV66
100 _aVillar, José R.
_eAUT
245 0 _aDiccionario teológico del Concilio Vaticano II
260 _c2015
300 _a1035 páginas :
_c24 cm.
650 _aGEN
654 _aCHU
942 _cDIC
_dJUS
_fJUS
_2ddc
_n
999 _c12780
_d12780